Trouwerner : a series of short stories chronicling the fate of aboriginal Tasmanians (Record no. 83962)

MARC details
000 -LEADER
fixed length control field 00771 a2200253 4500
003 - CONTROL NUMBER IDENTIFIER
control field CBULib
005 - DATE AND TIME OF LATEST TRANSACTION
control field 20240129081950.0
008 - FIXED-LENGTH DATA ELEMENTS--GENERAL INFORMATION
fixed length control field 240129b |||||||| |||| 00| 0 eng d
020 ## - INTERNATIONAL STANDARD BOOK NUMBER
International Standard Book Number 9780993239854
040 ## - CATALOGING SOURCE
Language of cataloging English
Transcribing agency CBULib
Description conventions rda
050 ## - LIBRARY OF CONGRESS CALL NUMBER
Classification number PR1306.H45.P58
100 ## - MAIN ENTRY--PERSONAL NAME
Personal name Pitt, S.
9 (RLIN) 2204
245 ## - TITLE STATEMENT
Title Trouwerner : a series of short stories chronicling the fate of aboriginal Tasmanians
Statement of responsibility, etc / by S. Pitt
260 ## - PUBLICATION, DISTRIBUTION, ETC. (IMPRINT)
Name of publisher, distributor, etc Firsthale,
Date of publication, distribution, etc 2021.
Place of publication, distribution, etc Honiton, Devon :
300 ## - PHYSICAL DESCRIPTION
Extent 245 pages
336 ## - CONTENT TYPE
Source rdacontent
Content type term Text |
Content type code txt
337 ## - MEDIA TYPE
Source rdamedia
Media type term Unmediated |
Media type code n
338 ## - CARRIER TYPE
Source rdacarrier
Carrier type term Volume
Carrier type code nc
650 #0 - SUBJECT ADDED ENTRY--TOPICAL TERM
9 (RLIN) 2210
Topical term or geographic name as entry element HISTORICAL FICTION
650 #0 - SUBJECT ADDED ENTRY--TOPICAL TERM
9 (RLIN) 2212
Topical term or geographic name as entry element INDIGENOUS PEOPLES
650 #0 - SUBJECT ADDED ENTRY--TOPICAL TERM
9 (RLIN) 2213
Topical term or geographic name as entry element AUSTRALIA
650 #0 - SUBJECT ADDED ENTRY--TOPICAL TERM
9 (RLIN) 2211
Topical term or geographic name as entry element TASMANIA
942 ## - ADDED ENTRY ELEMENTS (KOHA)
Source of classification or shelving scheme
Koha item type MONOGRAPH
Holdings
Withdrawn status Lost status Source of classification or shelving scheme Damaged status Not for loan Collection code Permanent Location Current Location Shelving location Date acquired Source of acquisition Total Checkouts Full call number Barcode Date last seen Copy number Price effective from Koha item type
          Medical Library Collection CBU-MAIN LIBRARY, KITWE. CBU-MAIN LIBRARY, KITWE. General Stacks 01/29/2024 Book Aid International   PR 1306.H45.P58 905697 01/29/2024 1 01/29/2024 MONOGRAPH